[Event "Olympiad-44"]
[Site "Chennai"]
[Date "2022.08.07"]
[Round "9.4"]
[White "Kim, Changhoon"]
[Black "Wong, Zhenyong Jayden"]
[Result "0-1"]
[WhiteElo "1827"]
[BlackElo "2163"]
[PlyCount "78"]
[EventDate "2022.07.29"]
[EventType "team-swiss"]
[EventRounds "11"]
[EventCountry "IND"]
[SourceTitle "CBM 210"]
[Source "ChessBase"]
[SourceDate "2022.10.31"]
[SourceVersion "1"]
[SourceVersionDate "2022.10.31"]
[SourceQuality "1"]
[WhiteTeam "South Korea"]
[BlackTeam "Singapore"]
[WhiteTeamCountry "KOR"]
[BlackTeamCountry "SIN"]

1. d4 Nf6 2. c4 e6 3. g3 c5 4. d5 exd5 5. cxd5 d6 6. Nc3 g6 7. Bg2 Bg7 8. Nf3 0-0 9. 0-0 Re8 10. Nd2 a6 11. a4 Nbd7 12. h3 Rb8 13. Nc4 Ne5 14. Na3 Nh5 15. e4 Bd7 16. a5 Qxa5 17. g4 Nf6 18. f4 Nexg4 19. hxg4 Nxg4 20. Bf3 h5 21. Kg2 b5 22. Nc2 Qd8 23. Ne3 b4 24. Na4 Qh4 25. Bxg4 hxg4 26. Rh1 Qf6 27. Nxg4 Bxg4 28. Qxg4 Rxe4 29. Bd2 Rbe8 30. Rhe1 Qd4 31. Rad1 Qxd5 32. Kf2 Bd4+ 33. Kg3 Qb3+ 34. Qf3 Qxa4 35. Rxe4 Rxe4 36. b3 Qe8 37. Rh1 Be3 38. Rh4 Bxd2 39. Qh1 Be1+ 0-1

[Event "Olympiad-44"]
[Site "Chennai"]
[Date "2022.07.31"]
[Round "3.4"]
[White "Njoroge, Martin"]
[Black "Kim, Changhoon"]
[Result "1-0"]
[WhiteElo "1973"]
[BlackElo "1827"]
[PlyCount "129"]
[EventDate "2022.07.29"]
[EventType "team-swiss"]
[EventRounds "11"]
[EventCountry "IND"]
[SourceTitle "CBM 210"]
[Source "ChessBase"]
[SourceDate "2022.10.31"]
[SourceVersion "1"]
[SourceVersionDate "2022.10.31"]
[SourceQuality "1"]
[WhiteTeam "Kenya"]
[BlackTeam "South Korea"]
[WhiteTeamCountry "KEN"]
[BlackTeamCountry "KOR"]

1. d4 d5 2. c4 c6 3. Nc3 Nf6 4. Nf3 e6 5. e3 a6 6. Bd3 dxc4 7. Bxc4 b5 8. Bd3 c5 9. 0-0 Nbd7 10. Qe2 Bb7 11. Rd1 Qb8 12. e4 cxd4 13. Nxd4 Bd6 14. h3 0-0 15. a3 Rd8 16. Bg5 Bh2+ 17. Kh1 Bf4 18. Bxf6 Nxf6 19. Bc2 Qe5 20. Nf3 Qh5 21. Rxd8+ Rxd8 22. Rd1 Re8 23. Kg1 Qc5 24. Qd3 Bc7 25. Bb1 g6 26. b4 Qb6 27. Qc2 Rd8 28. Rxd8+ Bxd8 29. Qd2 Be7 30. Qf4 Qc6 31. Qd2 Kg7 32. Qd4 Qd7 33. Qe3 Qd8 34. Qa7 Qc8 35. Qd4 Qd7 36. Qa7 Bc8 37. Qe3 Qd8 38. Ne5 Qc7 39. Nf3 Qd8 40. Ne5 Qc7 41. Nf3 h6 42. Qd4 Qd8 43. Qe3 Bf8 44. e5 Ne8 45. h4 h5 46. Kh2 Kg8 47. Ne4 Bg7 48. Neg5 Bb7 49. Be4 Bxe4 50. Qxe4 Qd7 51. Qa8 Bf8 52. Qxa6 Nc7 53. Qb7 Be7 54. Ne4 Qd8 55. Nfg5 Kg7 56. g3 Qd7 57. Nc5 Bxc5 58. bxc5 Qe7 59. Ne4 Qd8 60. Nf6 Qd2 61. Kg2 Nd5 62. Nxd5 exd5 63. e6 Qd4 64. Qxf7+ Kh6 65. e7 1-0

[Event "Bangkok Cha Am op 18th"]
[Site "Bangkog"]
[Date "2018.04.15"]
[Round "3"]
[White "Winkelman, Albert"]
[Black "Kim, Changhoon"]
[Result "1-0"]
[WhiteElo "2012"]
[BlackElo "1804"]
[PlyCount "43"]
[EventDate "2018.04.13"]
[EventType "swiss"]
[EventRounds "9"]
[EventCountry "THA"]
[SourceTitle "CBM 184 Extra"]
[Source "ChessBase"]
[SourceDate "2018.06.28"]
[SourceVersion "1"]
[SourceVersionDate "2018.06.28"]
[SourceQuality "1"]

1. e4 c5 2. d4 d5 3. Nc3 dxe4 4. Nxe4 Bf5 5. Ng3 Bg6 6. Nh3 e6 7. Nf4 Bd6 8. Ngh5 Bxf4 9. Nxf4 Nf6 10. c3 Nd5 11. h4 Nxf4 12. Bxf4 h6 13. h5 Bh7 14. Qg4 Kf8 15. Qg3 Nd7 16. Bd3 Bxd3 17. Qxd3 Qf6 18. Bd6+ Kg8 19. 0-0-0 Qg5+ 20. f4 Qxg2 21. Rhg1 Qd5 22. Rxg7+ 1-0

[Event "Laos op"]
[Site "Vientiane"]
[Date "2018.01.06"]
[Round "7"]
[White "Kim, Changhoon"]
[Black "Asavasaetakul, Chawit"]
[Result "1-0"]
[WhiteElo "1861"]
[BlackElo "1669"]
[PlyCount "131"]
[EventDate "2018.01.03"]
[EventType "swiss"]
[EventRounds "9"]
[EventCountry "LAO"]
[SourceTitle "CBM 182 Extra"]
[Source "ChessBase"]
[SourceDate "2018.02.23"]
[SourceVersion "1"]
[SourceVersionDate "2018.02.23"]
[SourceQuality "1"]

1. d4 d5 2. c4 c6 3. Nf3 Nf6 4. Qc2 g6 5. Bf4 Bg7 6. e3 0-0 7. Bd3 c5 8. Nc3 cxd4 9. Nxd4 Nh5 10. Bxb8 Rxb8 11. cxd5 Bxd4 12. exd4 Nf4 13. Be4 b5 14. g3 Nh5 15. Bg2 Bb7 16. a3 Nf6 17. 0-0 Nxd5 18. Nxd5 Bxd5 19. Bxd5 Qxd5 20. Qc5 Qd7 21. d5 Rfc8 22. Qd4 Rc4 23. Qe5 Rbc8 24. Rad1 Qd6 25. Qe3 Qc5 26. Qf3 Rc2 27. b4 Qd6 28. Rfe1 R8c7 29. h4 h5 30. Re2 R7c3 31. Re3 Rxe3 32. Qxe3 Qf6 33. Rc1 Rc4 34. Re1 Rc7 35. Qe2 a6 36. Qe3 Qd6 37. Qg5 Rd7 38. Re5 Kg7 39. Qe3 Rc7 40. Qd4 Rc4 41. Qe3 Rc7 42. Kh2 Qf6 43. Kg2 Qd6 44. Kh2 Qf6 45. Re4 Qd6 46. Rd4 Rd7 47. Qc3 Kh7 48. Rf4 Qxd5 49. Qc8 Kg7 50. Qxa6 Rd6 51. Qc8 Rd8 52. Qc3+ f6 53. Rf3 Rc8 54. Qe3 Rc7 55. Qe2 e5 56. Rd3 Qc4 57. Qd2 Qe6 58. Rd6 Qe7 59. Qd5 Rb7 60. Rd8 Qf7 61. Qc5 e4 62. Qd4 Qe7 63. Rd5 Kf7 64. Kg2 Rb8 65. Rd7 Rb7 66. Qd5+ 1-0

[Event "Laos op"]
[Site "Vientiane"]
[Date "2018.01.05"]
[Round "5"]
[White "Kim, Changhoon"]
[Black "Kuich, Gero"]
[Result "1-0"]
[WhiteElo "1861"]
[BlackElo "1505"]
[PlyCount "99"]
[EventDate "2018.01.03"]
[EventType "swiss"]
[EventRounds "9"]
[EventCountry "LAO"]
[SourceTitle "CBM 182 Extra"]
[Source "ChessBase"]
[SourceDate "2018.02.23"]
[SourceVersion "1"]
[SourceVersionDate "2018.02.23"]
[SourceQuality "1"]

1. d4 Nf6 2. c4 g6 3. g3 Bg7 4. Bg2 0-0 5. Nc3 e6 6. Nf3 d5 7. 0-0 Nbd7 8. cxd5 exd5 9. Bg5 h6 10. Bf4 c6 11. Qc1 Kh7 12. Rd1 Re8 13. b3 Nh5 14. Be3 f5 15. Ne1 Nhf6 16. f3 Nf8 17. Bf2 Re7 18. Nd3 Be6 19. b4 N8d7 20. Na4 Nb6 21. Nxb6 axb6 22. a4 Qe8 23. Re1 Bf7 24. Qc2 h5 25. Ne5 Nd7 26. f4 Nf6 27. a5 bxa5 28. Rxa5 Rxa5 29. bxa5 Qa8 30. Ra1 Qa6 31. Bf1 Qa7 32. e3 Be8 33. a6 Ne4 34. Qb2 b5 35. Be1 Qa8 36. Bd3 Ra7 37. Qa3 Kg8 38. Bb4 Bxe5 39. dxe5 Bf7 40. Bxe4 dxe4 41. Bc5 Rd7 42. Bd4 Be6 43. Qc5 Bd5 44. a7 Kf7 45. Qb6 Rb7 46. Qc5 Rd7 47. Ra6 Rb7 48. Qd6 b4 49. Qf6+ Kg8 50. e6 1-0

[Event "London Classic op"]
[Site "London"]
[Date "2017.12.09"]
[Round "9"]
[White "Dunn, Maxim"]
[Black "Kim, Changhoon"]
[Result "0-1"]
[WhiteElo "1757"]
[BlackElo "1859"]
[PlyCount "122"]
[EventDate "2017.12.02"]
[EventType "swiss"]
[EventRounds "9"]
[EventCountry "ENG"]
[SourceTitle "CBM 182 Extra"]
[Source "ChessBase"]
[SourceDate "2018.02.23"]
[SourceVersion "1"]
[SourceVersionDate "2018.02.23"]
[SourceQuality "1"]

1. c4 Nf6 2. g3 g6 3. Bg2 Bg7 4. Nc3 0-0 5. Nf3 d6 6. 0-0 e5 7. d4 Nc6 8. e4 Bg4 9. d5 Nd4 10. Be3 Nd7 11. Bxd4 exd4 12. Ne2 Bxf3 13. Bxf3 Qf6 14. Bg2 c5 15. Nf4 Ne5 16. b3 Rab8 17. Nd3 a6 18. f4 Nxd3 19. Qxd3 b5 20. Rae1 Qe7 21. Re2 Qc7 22. Rfe1 Rfe8 23. h4 h5 24. Bh3 Bf6 25. Rc1 Qa5 26. g4 hxg4 27. Bxg4 Bxh4 28. Qh3 Bf6 29. Rh2 Rxe4 30. Qg3 Re3 31. Bf3 Rbe8 32. f5 Re1+ 33. Rxe1 Qxe1+ 34. Qxe1 Rxe1+ 35. Kf2 Ra1 36. fxg6 fxg6 37. Be4 Rxa2+ 38. Kg1 Rxh2 39. Kxh2 Kg7 40. Bd3 bxc4 41. Bxc4 a5 42. Kg3 Be5+ 43. Kg4 Kf6 44. Bd3 g5 45. Kf3 Bf4 46. Ke4 Bd2 47. Be2 Bc3 48. Bd1 Bb4 49. Be2 Be1 50. Bd1 d3 51. Kxd3 Ke5 52. Kc4 Kf4 53. Kd3 g4 54. Ke2 Bc3 55. Kf2 Be5 56. Be2 g3+ 57. Kf1 Ke4 58. Bc4 Kd4 59. Ke2 Kc3 60. Ke1 Kb4 61. Ke2 a4 0-1

[Event "London Classic op"]
[Site "London"]
[Date "2017.12.08"]
[Round "8"]
[White "Navrotescu, Andreea Cristiana"]
[Black "Kim, Changhoon"]
[Result "1-0"]
[WhiteElo "2193"]
[BlackElo "1859"]
[PlyCount "87"]
[EventDate "2017.12.02"]
[EventType "swiss"]
[EventRounds "9"]
[EventCountry "ENG"]
[SourceTitle "CBM 182 Extra"]
[Source "ChessBase"]
[SourceDate "2018.02.23"]
[SourceVersion "1"]
[SourceVersionDate "2018.02.23"]
[SourceQuality "1"]

1. c4 Nf6 2. Nc3 g6 3. d4 Bg7 4. e4 0-0 5. Be2 d6 6. Nf3 e5 7. Be3 c6 8. d5 c5 9. 0-0 Ng4 10. Bg5 f6 11. Bh4 g5 12. Bg3 Nh6 13. Ne1 f5 14. exf5 Bxf5 15. Bd3 Nd7 16. Nc2 Bxd3 17. Qxd3 Nf5 18. Ne3 Nxe3 19. Qxe3 Qe7 20. Ne4 h6 21. Rab1 Nf6 22. b4 Rac8 23. Nd2 Nh5 24. Rb3 cxb4 25. Rxb4 b6 26. a4 Qc7 27. Rb5 Nf4 28. h3 Rcd8 29. Rfb1 Rf7 30. Qe4 Nh5 31. R1b3 Rdf8 32. a5 Nxg3 33. fxg3 bxa5 34. Ra3 a6 35. Rbxa5 Qb6+ 36. Kh2 Rf1 37. Nxf1 Rxf1 38. c5 Qb2 39. Rxa6 Qf2 40. Ra8+ Bf8 41. Qg6+ Kh8 42. Qxh6+ Kg8 43. Qxg5+ Kh8 44. Qe3 1-0

[Event "Olympiad-41"]
[Site "Tromsoe"]
[Date "2014.08.09"]
[Round "7.3"]
[White "Kim, Changhoon"]
[Black "Cueto Chajtur, Johny"]
[Result "0-1"]
[WhiteElo "1846"]
[BlackElo "2283"]
[PlyCount "44"]
[EventDate "2014.08.02"]
[EventType "team-swiss"]
[EventRounds "11"]
[EventCountry "NOR"]
[SourceTitle "CBM 162"]
[Source "ChessBase"]
[SourceDate "2014.09.17"]
[SourceVersion "1"]
[SourceVersionDate "2014.09.17"]
[SourceQuality "1"]
[WhiteTeam "South Korea"]
[BlackTeam "Bolivia"]
[WhiteTeamCountry "KOR"]
[BlackTeamCountry "BOL"]

1. Nf3 d6 2. d4 Bg4 3. c4 Nd7 4. e4 e5 5. Be2 Ngf6 6. Nc3 c6 7. 0-0 Be7 8. Be3 0-0 9. Rb1 Re8 10. d5 cxd5 11. cxd5 a6 12. Ne1 Bxe2 13. Qxe2 Rc8 14. Nd3 Rc4 15. f3 Qb8 16. Nc1 Rec8 17. Nb3 Bd8 18. Nd2 R4c7 19. Nb3 b5 20. Rbc1 Nb6 21. Na5 Nc4 22. Bf2 Nxa5 0-1

[Event "Olympiad-41"]
[Site "Tromsoe"]
[Date "2014.08.04"]
[Round "3.3"]
[White "Ntagasigumwami, Deo"]
[Black "Kim, Changhoon"]
[Result "0-1"]
[WhiteElo "1817"]
[BlackElo "1846"]
[PlyCount "180"]
[EventDate "2014.08.02"]
[EventType "team-swiss"]
[EventRounds "11"]
[EventCountry "NOR"]
[SourceTitle "CBM 162"]
[Source "ChessBase"]
[SourceDate "2014.09.17"]
[SourceVersion "1"]
[SourceVersionDate "2014.09.17"]
[SourceQuality "1"]
[WhiteTeam "Burundi"]
[BlackTeam "South Korea"]
[WhiteTeamCountry "BRI"]
[BlackTeamCountry "KOR"]

1. d4 Nf6 2. c4 e6 3. Nc3 Bb4 4. Bg5 c5 5. a3 Bxc3+ 6. bxc3 Qa5 7. Bd2 Ne4 8. e3 0-0 9. Bd3 Nxd2 10. Qxd2 Nc6 11. Nf3 d6 12. 0-0 Qc7 13. e4 e5 14. d5 Ne7 15. Kh1 Ng6 16. g3 Bh3 17. Rg1 Bg4 18. Be2 Qd7 19. Ng5 h6 20. f3 Bh5 21. g4 Bxg4 22. Rxg4 hxg5 23. Qxg5 Qd8 24. Rag1 Qxg5 25. Rxg5 Kh7 26. Rh5+ Kg8 27. Rhg5 Kh7 28. Bf1 Kh6 29. Bh3 Rg8 30. R5g4 Rab8 31. Bf1 Nf4 32. Rh4+ Nh5 33. a4 g5 34. Rh3 Kg6 35. Rh4 Kh6 36. Rh3 f6 37. Be2 Kg6 38. Rh4 Nf4 39. Bf1 Rh8 40. Rxh8 Rxh8 41. Rg3 Rh4 42. h3 Kf7 43. Kg1 Ke7 44. Kf2 Kd7 45. Ke3 Kc7 46. Kd2 Kb6 47. Kc2 Ka5 48. Kb3 Ng6 49. Rg1 a6 50. Rh1 Rh8 51. Rh2 Nh4 52. Rf2 Ng6 53. Ka3 Kb6 54. Rb2+ Kc7 55. Kb3 Nf4 56. Ka3 Rh4 57. Rh2 Ng6 58. Rb2 Rf4 59. Rf2 Nh4 60. Be2 Kd7 61. a5 Ng6 62. Bd1 Rh4 63. Rh2 Nf4 64. Ba4+ Kc7 65. Be8 Nxh3 66. Bf7 Nf4 67. Rb2 Rh3 68. Be6 Rxf3 69. Rh2 Rxc3+ 70. Kb2 Rxc4 71. Rh7+ Kb8 72. Rh8+ Ka7 73. Bd7 Rxe4 74. Rh7 Nxd5 75. Bc6 Rb4+ 76. Kc1 Ne3 77. Kd2 Nc4+ 78. Kc3 Nxa5 79. Bd5 g4 80. Rg7 f5 81. Rg5 Rf4 82. Be6 Rf3+ 83. Kd2 f4 84. Rxg4 Nc6 85. Bd5 Rg3 86. Rh4 Nb4 87. Bh1 d5 88. Rh5 e4 89. Rf5 f3 90. Ke3 Rh3 0-1

[Event "Asia Cities-ch 18th"]
[Site "Tagaytay City"]
[Date "2013.10.22"]
[Round "4.3"]
[White "Turbat, Shagdarsuren"]
[Black "Kim, Changhoon"]
[Result "1-0"]
[WhiteElo "2035"]
[BlackElo "1790"]
[PlyCount "82"]
[EventDate "2013.10.20"]
[EventType "team-swiss"]
[EventRounds "9"]
[EventCountry "PHI"]
[SourceTitle "EXT 2014"]
[Source "ChessBase"]
[SourceDate "2013.11.20"]
[SourceVersion "1"]
[SourceVersionDate "2013.11.20"]
[SourceQuality "1"]
[WhiteTeam "Erdenet"]
[BlackTeam "Seoul"]
[WhiteTeamCountry "MGL"]
[BlackTeamCountry "KOR"]

1. c4 c5 2. Nc3 Nc6 3. Nf3 g6 4. d4 cxd4 5. Nxd4 Nf6 6. e4 d6 7. Be2 Nxd4 8. Qxd4 Bg7 9. 0-0 0-0 10. Qd3 Nd7 11. Be3 Nc5 12. Qc2 a5 13. Rad1 Bd7 14. b3 b6 15. f3 Bc6 16. Nd5 f5 17. Bg5 Ra7 18. Bd3 h6 19. Be3 e6 20. Nf4 Qe8 21. exf5 gxf5 22. Rfe1 e5 23. Bxc5 dxc5 24. Bxf5 exf4 25. Rxe8 Rxe8 26. Bg6 Rf8 27. Qe2 Bd4+ 28. Rxd4 cxd4 29. Qe6+ Kg7 30. Qxc6 Rf6 31. Qe4 Rxg6 32. Qxd4+ Rf6 33. g4 Re7 34. h4 Kf7 35. Kf2 Kg6 36. Qd5 Kh7 37. c5 bxc5 38. Qxc5 Rfe6 39. Qf5+ Kg7 40. Qxf4 Re1 41. Qd4+ Kf8 1-0